[Event "Xtracon Open 2019"]
[Site "Helsingor"]
[Date "2019.07.23"]
[Round "5.2"]
[White "Postny, Evgeny"]
[Black "Korobov, Anton"]
[Result "1/2-1/2"]
[WhiteElo "2601"]
[BlackElo "2687"]
[Annotator "TA"]
[PlyCount "53"]
[EventDate "2019.07.19"]
[EventType "swiss"]
[EventCountry "DEN"]
[SourceTitle "playchess.com"]
[Source "ChessBase"]
[SourceQuality "1"]

1. d4 Nf6 2. c4 e6 3. Nf3 d5 4. g3 Bb4+ 5. Bd2 Be7 6. Bg2 O-O 7. O-O c6 8. Qc2 Nbd7 9. Rd1 b6 10. Bf4 Bb7 11. Nc3 dxc4 12. Nd2 Nd5 13. Nxc4 Nxf4 14. gxf4 Qc7 15. e3 Rad8 16. a3 c5 17. d5 exd5 18. Nxd5 Bxd5 19. Rxd5 b5 20. Ne5 Nxe5 21. Rxe5 g6 22. a4 a6 23. axb5 axb5 24. Ra6 Bd6 25. Rd5 Be7 26. Re5 Bd6 27. Rd5 1/2-1/2

[Event "Xtracon Open 2019"]
[Site "Helsingor"]
[Date "2019.07.23"]
[Round "5.2"]
[White "Pantzar, Milton"]
[Black "Bjerre, Jonas Buhl"]
[Result "1/2-1/2"]
[WhiteElo "2357"]
[BlackElo "2503"]
[Annotator "ChessBase"]
[PlyCount "58"]
[EventDate "2019.07.19"]
[EventType "swiss"]
[EventCountry "DEN"]
[SourceTitle "playchess.com"]
[Source "ChessBase"]
[SourceQuality "1"]

1. d4 Nf6 2. c4 e6 3. Nc3 Bb4 4. e3 O-O 5. Bd3 c5 6. Nge2 d5 7. cxd5 cxd4 8. exd4 Qxd5 9. O-O Qh5 10. Qc2 Nc6 11. Nf4 Qa5 12. Be3 Rd8 13. Rad1 Bxc3 14. bxc3 b6 15. Qb2 Ba6 16. c4 Qb4 17. Qe2 Na5 18. d5 exd5 19. Nxd5 Nxd5 20. cxd5 Bxd3 21. Rxd3 Rac8 22. Rfd1 Qb5 23. Qg4 Qd7 24. Qg3 f6 25. h4 Nc4 26. Bd4 Qd6 27. Qg4 Qd7 28. Qg3 Qd6 29. Qg4 Qd7 1/2-1/2

[Event "Xtracon Open 2019"]
[Site "Helsingor"]
[Date "2019.07.23"]
[Round "5.2"]
[White "Tryggestad, Andreas Garberg"]
[Black "Moe, Mogens"]
[Result "1-0"]
[WhiteElo "2336"]
[BlackElo "2152"]
[Annotator "NA"]
[PlyCount "77"]
[EventDate "2019.07.19"]
[EventType "swiss"]
[EventCountry "DEN"]
[SourceTitle "playchess.com"]
[Source "ChessBase"]
[SourceQuality "1"]

1. e4 c5 2. Nf3 e6 3. c3 Nf6 4. e5 Nd5 5. d4 cxd4 6. cxd4 Nc6 7. Bc4 d6 8. O-O Be7 9. Qe2 O-O 10. Rd1 Na5 11. Bxd5 exd5 12. Nc3 Be6 13. Bf4 a6 14. Rac1 b5 15. exd6 Bxd6 16. Bxd6 Qxd6 17. Ne5 f6 18. Nd3 Bf7 19. Nc5 Rfe8 20. Qg4 Re7 21. Ne2 g6 22. h4 h5 23. Qf3 Nc6 24. Nf4 Kh7 25. Qg3 Rd8 26. Qf3 a5 27. g3 Rc7 28. Qd3 Kg7 29. Qxb5 Rb8 30. Qd3 Rxb2 31. Qa3 Rb4 32. Na6 Qd7 33. Nxc7 Qxc7 34. Qc3 Rb6 35. Qxa5 Qb7 36. Qc5 Ne7 37. Qc7 Nf5 38. Ne6+ Kh7 39. Nd8 1-0

[Event "Xtracon Open 2019"]
[Site "Helsingor"]
[Date "2019.07.23"]
[Round "5.2"]
[White "Jacobsen, Per Wurtz"]
[Black "Halldorsson, Tobias Kjar"]
[Result "1-0"]
[WhiteElo "2016"]
[BlackElo "1730"]
[Annotator "NA"]
[PlyCount "65"]
[EventDate "2019.07.19"]
[EventType "swiss"]
[EventCountry "DEN"]
[SourceTitle "playchess.com"]
[Source "ChessBase"]
[SourceQuality "1"]

1. d4 Nf6 2. e3 e6 3. Bd3 c5 4. c3 d5 5. f4 cxd4 6. exd4 b6 7. Qe2 Bd6 8. Nf3 Bb7 9. O-O O-O 10. Ne5 Nbd7 11. Rf3 h6 12. Rg3 Qe7 13. f5 Kh8 14. Rh3 Nxe5 15. dxe5 Bc5+ 16. Kh1 Ng8 17. f6 Nxf6 18. exf6 Qxf6 19. Nd2 d4 20. Ne4 Bxe4 21. Bxe4 Rad8 22. Bd2 dxc3 23. Bxc3 e5 24. Rf1 Qd6 25. Bc2 Bd4 26. Qd3 Qg6 27. Qe2 Qe6 28. Bf5 Qxa2 29. Bxd4 exd4 30. Qd2 Qa5 31. Rxh6+ Kg8 32. Qg5 Rd5 33. Rh8+ 1-0

[Event "Xtracon Open 2019"]
[Site "Helsingor"]
[Date "2019.07.23"]
[Round "5.2"]
[White "Christiansen, Arne"]
[Black "Weber, Samuel"]
[Result "0-1"]
[WhiteElo "2011"]
[BlackElo "2203"]
[Annotator "NA"]
[PlyCount "162"]
[EventDate "2019.07.19"]
[EventType "swiss"]
[EventCountry "DEN"]
[SourceTitle "playchess.com"]
[Source "ChessBase"]
[SourceQuality "1"]

1. d4 Nf6 2. c4 e6 3. Nf3 c5 4. d5 b5 5. e3 b4 6. Bd3 d6 7. e4 Be7 8. O-O e5 9. Nbd2 Nbd7 10. Re1 Nh5 11. Nf1 Bf6 12. Ng3 g6 13. Nxh5 gxh5 14. Be3 Rg8 15. a3 bxa3 16. Rxa3 a6 17. Qa4 Rb8 18. Rb3 Rxb3 19. Qxb3 Nf8 20. Qa4+ Qd7 21. Ra1 h4 22. Qxd7+ Nxd7 23. h3 Nb6 24. Kf1 Bd8 25. Bd2 Kd7 26. b4 f5 27. exf5 Bf6 28. Re1 Na4 29. Bc2 Nb2 30. bxc5 dxc5 31. Bc3 Nxc4 32. Bd3 e4 33. Rxe4 Bxc3 34. Rxc4 Bf6 35. Rxc5 Bb7 36. Nd2 Be7 37. Rc2 Bxd5 38. Be4 Bxe4 39. Nxe4 Ra8 40. f6 Bb4 41. Nc5+ Ke8 42. Nxa6 Rxa6 43. Rc4 Bd2 44. Rc8+ Kf7 45. Rc7+ Kxf6 46. Rxh7 Ra1+ 47. Ke2 Ra2 48. Kf1 Bg5 49. Rb7 Bf4 50. Rb6+ Kf5 51. Rb5+ Ke4 52. Rb4+ Kd3 53. g3 Bg5 54. gxh4 Be7 55. Rf4 Bd6 56. Rf7 Ke4 57. Kg2 Ra8 58. Rg7 Rh8 59. Rg4+ Bf4 60. Rg7 Rxh4 61. Rg8 Rh5 62. Rg7 Rf5 63. Rg4 Kd3 64. Rg8 Be5 65. Ra8 Bd4 66. Ra2 Ke4 67. Re2+ Kf4 68. h4 Be5 69. Ra2 Kg4 70. Ra4+ Bf4 71. Ra8 Be5 72. Ra5 Rh5 73. f3+ Kf5 74. Ra4 Rh8 75. Rg4 Bf4 76. Kh3 Rb8 77. Rg7 Be5 78. Rf7+ Bf6 79. Ra7 Rb3 80. Kg3 Be5+ 81. Kf2 Bd4+ 0-1

[Event "Xtracon Open 2019"]
[Site "Helsingor"]
[Date "2019.07.23"]
[Round "5.3"]
[White "Sargissian, Gabriel"]
[Black "Christiansen, Johan-Sebastian"]
[Result "1-0"]
[WhiteElo "2681"]
[BlackElo "2548"]
[Annotator "TA"]
[PlyCount "143"]
[EventDate "2019.07.19"]
[EventType "swiss"]
[EventCountry "DEN"]
[SourceTitle "playchess.com"]
[Source "ChessBase"]
[SourceQuality "1"]

1. d4 Nf6 2. c4 e6 3. Nc3 Bb4 4. Nf3 d5 5. cxd5 exd5 6. Bg5 h6 7. Bh4 O-O 8. e3 Bf5 9. Be2 Nbd7 10. Qb3 Bxc3+ 11. Qxc3 c6 12. Nd2 Ne4 13. Bxd8 Nxc3 14. bxc3 Rfxd8 15. a4 Rac8 16. Nf1 c5 17. Ng3 Bh7 18. Kd2 cxd4 19. exd4 Rc7 20. Ra3 Nf6 21. f3 Rd6 22. a5 Re6 23. Rb3 Rce7 24. Rb5 Kf8 25. Ra1 Ke8 26. Bf1 Kd8 27. Nh5 Rd7 28. Nxg7 Rc6 29. Bd3 a6 30. Rb3 Bxd3 31. Kxd3 Ne8 32. Nxe8 Kxe8 33. Re1+ Kf8 34. Re5 Rc8 35. g4 Rc4 36. Rb4 Rc6 37. f4 Rc8 38. Rb6 Kg7 39. h4 Rdc7 40. Rb3 Rd7 41. f5 Rc6 42. Ke3 Rc4 43. Ra3 Rc8 44. Kf4 Rc6 45. Re8 b5 46. axb6 Rxb6 47. g5 hxg5+ 48. hxg5 Rb1 49. Re3 Rd6 50. Ra5 Rf1+ 51. Rf3 Re1 52. Rc5 Rd7 53. Rc8 Re4+ 54. Kg3 Ra7 55. Rf2 Re3+ 56. Kg4 Re4+ 57. Kf3 f6 58. g6 Rae7 59. Rc5 Kh6 60. Rxd5 Re3+ 61. Kg4 R3e4+ 62. Kg3 Kg5 63. Rg2 Kh5 64. Rd8 Rg4+ 65. Kf3 Rxg2 66. Kxg2 Kg4 67. c4 a5 68. c5 a4 69. c6 a3 70. Ra8 Kxf5 71. Rxa3 Ke4 72. Rg3 1-0

[Event "Xtracon Open 2019"]
[Site "Helsingor"]
[Date "2019.07.23"]
[Round "5.3"]
[White "Rostgaard, Tobias Valentin"]
[Black "Sevian, Samuel"]
[Result "0-1"]
[WhiteElo "2390"]
[BlackElo "2667"]
[Annotator "ChessBase"]
[PlyCount "92"]
[EventDate "2019.07.19"]
[EventType "swiss"]
[EventCountry "DEN"]
[SourceTitle "playchess.com"]
[Source "ChessBase"]
[SourceQuality "1"]

1. e4 c5 2. Nf3 Nc6 3. Bb5 g6 4. Bxc6 dxc6 5. d3 Bg7 6. h3 Nf6 7. Nc3 Nd7 8. Be3 e5 9. a4 a5 10. Nd2 b6 11. Nc4 Ba6 12. Nd6+ Ke7 13. Nc4 Nf8 14. O-O Ne6 15. Ne2 Re8 16. Qd2 Bxc4 17. dxc4 Qxd2 18. Bxd2 Rad8 19. Bc3 Rd7 20. Rfd1 Red8 21. Rxd7+ Rxd7 22. Kf1 f6 23. Ke1 Bh6 24. Rd1 Nd4 25. Nxd4 cxd4 26. Bd2 Bxd2+ 27. Kxd2 f5 28. Kd3 Ke6 29. Re1 c5 30. f3 h5 31. h4 Rg7 32. Rh1 Kf6 33. Ke2 g5 34. hxg5+ Rxg5 35. Kf2 fxe4 36. fxe4 Rg4 37. Rxh5 Rf4+ 38. Kg1 Rxe4 39. Kf2 Rf4+ 40. Ke2 e4 41. g3 Rf5 42. Rh6+ Kg5 43. Rxb6 e3 44. Rc6 Rf2+ 45. Ke1 Rxc2 46. Rxc5+ Kg4 0-1

[Event "Xtracon Open 2019"]
[Site "Helsingor"]
[Date "2019.07.23"]
[Round "5.3"]
[White "Vestby-Ellingsen, Mads"]
[Black "Le Besq, Alexander"]
[Result "1-0"]
[WhiteElo "2335"]
[BlackElo "2149"]
[Annotator "NA"]
[PlyCount "55"]
[EventDate "2019.07.19"]
[EventType "swiss"]
[EventCountry "DEN"]
[SourceTitle "playchess.com"]
[Source "ChessBase"]
[SourceQuality "1"]

1. e4 c5 2. Nf3 d6 3. d4 cxd4 4. Nxd4 Nf6 5. Nc3 g6 6. Be3 Bg7 7. f3 O-O 8. Qd2 Nc6 9. Bc4 Bd7 10. O-O-O Rb8 11. Bb3 Na5 12. h4 b5 13. Kb1 Nc4 14. Bxc4 bxc4 15. g4 Qb6 16. b3 Qb7 17. h5 a5 18. Bh6 cxb3 19. cxb3 Bxh6 20. Qxh6 e6 21. hxg6 fxg6 22. g5 Nh5 23. Rxh5 gxh5 24. g6 Be8 25. gxh7+ Qxh7 26. Rg1+ Bg6 27. Rxg6+ Kh8 28. Qg5 1-0

[Event "Xtracon Open 2019"]
[Site "Helsingor"]
[Date "2019.07.23"]
[Round "5.3"]
[White "Sigeman, Johan"]
[Black "Skovgaard, Ib"]
[Result "1/2-1/2"]
[WhiteElo "2120"]
[BlackElo "1911"]
[Annotator "NA"]
[PlyCount "80"]
[EventDate "2019.07.19"]
[EventType "swiss"]
[EventCountry "DEN"]
[SourceTitle "playchess.com"]
[Source "ChessBase"]
[SourceQuality "1"]

1. c4 c6 2. d4 d5 3. Nf3 Nf6 4. g3 dxc4 5. Bg2 Bf5 6. O-O e6 7. Ne5 Be4 8. f3 Bc2 9. Qxc2 Qxd4+ 10. Kh1 Qxe5 11. Qxc4 Nbd7 12. e4 Nb6 13. Qb3 Rd8 14. a4 Nfd7 15. a5 Nc5 16. Qc2 Nbd7 17. f4 Qc7 18. e5 h5 19. Ra3 Na6 20. f5 Nb4 21. Qe2 Nxe5 22. fxe6 f6 23. Bf4 Nd5 24. Ra4 Nxf4 25. gxf4 Ng4 26. Be4 Bc5 27. Bg6+ Ke7 28. h3 Ne3 29. Rc1 Qd6 30. Nc3 f5 31. Qe1 h4 32. Qg1 Bd4 33. Bxf5 Nc4 34. Qg6 Qxf4 35. Qf7+ Kd6 36. Ne4+ Ke5 37. Raxc4 Qf3+ 38. Kh2 Qe2+ 39. Kh1 Qf3+ 40. Kh2 Qe2+ 1/2-1/2

[Event "Xtracon Open 2019"]
[Site "Helsingor"]
[Date "2019.07.23"]
[Round "5.3"]
[White "Henningsen, Lasse"]
[Black "Hartung-Nielsen, Jens"]
[Result "1/2-1/2"]
[WhiteElo "1963"]
[BlackElo "2184"]
[Annotator "NA"]
[PlyCount "112"]
[EventDate "2019.07.19"]
[EventType "swiss"]
[EventCountry "DEN"]
[SourceTitle "playchess.com"]
[Source "ChessBase"]
[SourceQuality "1"]

1. d4 Nf6 2. c4 e6 3. Nc3 Bb4 4. Qc2 O-O 5. Nf3 b6 6. Bg5 Bb7 7. e3 h6 8. Bh4 d6 9. O-O-O Bxc3 10. Qxc3 Ne4 11. Qc2 Qe8 12. Nd2 f5 13. f3 Nxd2 14. Rxd2 Nd7 15. Bd3 Qh5 16. Bf2 e5 17. Rg1 Qf7 18. g4 e4 19. fxe4 fxe4 20. Bf1 Qg6 21. h4 Rf7 22. Qd1 Raf8 23. Qe1 c5 24. h5 Qf6 25. Bg2 d5 26. Bh4 Qe6 27. g5 hxg5 28. Bxg5 cxd4 29. Qg3 dxe3 30. Bxe3 Qe5 31. Bh3 Qxg3 32. Rxg3 Kh7 33. cxd5 Ne5 34. Be6 Rc7+ 35. Rc2 Rf1+ 36. Kd2 Nf3+ 37. Rxf3 Rxc2+ 38. Kxc2 exf3 39. d6 Bc6 40. Bf5+ Kg8 41. Kd2 Rh1 42. Be4 Rh2+ 43. Kc3 f2 44. Bxf2 Bxe4 45. d7 Rh3+ 46. Kc4 b5+ 47. Kc5 Rxh5+ 48. Kd6 Rd5+ 49. Ke7 a5 50. Bg3 Rxd7+ 51. Kxd7 a4 52. Kd6 Kf7 53. Ke5 Bb1 54. a3 Kg6 55. Kf4 Kh5 56. Be1 g5+ 1/2-1/2

[Event "Xtracon Open 2019"]
[Site "Helsingor"]
[Date "2019.07.23"]
[Round "5.4"]
[White "Praggnanandhaa R"]
[Black "Tari, Aryan"]
[Result "1/2-1/2"]
[WhiteElo "2540"]
[BlackElo "2620"]
[Annotator "TA"]
[PlyCount "124"]
[EventDate "2019.07.19"]
[EventType "swiss"]
[EventCountry "DEN"]
[SourceTitle "playchess.com"]
[Source "ChessBase"]
[SourceQuality "1"]

1. Nf3 Nf6 2. g3 c5 3. Bg2 Nc6 4. O-O e5 5. d3 d5 6. e4 d4 7. a4 Be7 8. Na3 Bg4 9. h3 Bh5 10. Qe1 Nd7 11. Nh2 a6 12. f4 f6 13. Bd2 b6 14. f5 Rb8 15. g4 Bf7 16. Qg3 b5 17. axb5 axb5 18. b3 c4 19. bxc4 bxc4 20. Nxc4 Bxc4 21. dxc4 Bb4 22. Bc1 Bc3 23. Ra6 Qc8 24. Ra3 Bb2 25. g5 O-O 26. Ra2 Bxc1 27. Rxc1 fxg5 28. Qxg5 Nb4 29. Ra7 d3 30. Ng4 Qc5+ 31. Qe3 Nxc2 32. Qxc5 Nxc5 33. f6 gxf6 34. Nh6+ Kh8 35. Nf7+ Rxf7 36. Rxf7 Rg8 37. Kh2 d2 38. Rb1 Ne1 39. Bh1 Rd8 40. Rc7 Ne6 41. Re7 Nc5 42. Rc7 Na6 43. Ra7 Nb4 44. Rb7 Nbd3 45. Ra1 Nc5 46. Rbb1 Ncd3 47. Rb7 Nf4 48. Rd1 Nc2 49. Rb3 Ne6 50. c5 Ncd4 51. Rc3 Rc8 52. Rxd2 Rxc5 53. Rxc5 Nxc5 54. Kg3 Kg7 55. Ra2 Kg6 56. Bf3 Nce6 57. h4 Nxf3 58. Kxf3 Nd4+ 59. Kg3 h5 60. Ra6 Ne2+ 61. Kf2 Nf4 62. Kf3 Kg7 1/2-1/2

[Event "Xtracon Open 2019"]
[Site "Helsingor"]
[Date "2019.07.23"]
[Round "5.4"]
[White "Hobber, Anders"]
[Black "Moiseenko, Alexander"]
[Result "1/2-1/2"]
[WhiteElo "2294"]
[BlackElo "2628"]
[Annotator "ChessBase"]
[PlyCount "70"]
[EventDate "2019.07.19"]
[EventType "swiss"]
[EventCountry "DEN"]
[SourceTitle "playchess.com"]
[Source "ChessBase"]
[SourceQuality "1"]

1. Nf3 c5 2. e3 d5 3. d4 Nf6 4. c4 cxd4 5. exd4 g6 6. Nc3 Bg7 7. Qb3 dxc4 8. Bxc4 O-O 9. Ne5 e6 10. Be3 Nc6 11. Nxc6 bxc6 12. O-O Nd5 13. Rad1 a5 14. Na4 Ba6 15. Bxa6 Rxa6 16. Qc4 Qa8 17. Rc1 Rc8 18. Qe2 Ra7 19. Rc4 Rb7 20. Rfc1 Rb4 21. b3 Rxc4 22. Rxc4 Qa7 23. h3 Nxe3 24. fxe3 Qc7 25. Qf3 h6 26. Nc3 Kh7 27. Ne4 Qe7 28. Nc3 Qc7 29. Nb5 Qd7 30. Nc3 f5 31. Na4 Qd6 32. Nb6 Rc7 33. Na8 Rc8 34. Nb6 Rc7 35. Na8 Rc8 1/2-1/2

[Event "Xtracon Open 2019"]
[Site "Helsingor"]
[Date "2019.07.23"]
[Round "5.4"]
[White "Colbow, Collin"]
[Black "Mansoor, Afras"]
[Result "1-0"]
[WhiteElo "2167"]
[BlackElo "1991"]
[Annotator "NA"]
[PlyCount "110"]
[EventDate "2019.07.19"]
[EventType "swiss"]
[EventCountry "DEN"]
[SourceTitle "playchess.com"]
[Source "ChessBase"]
[SourceQuality "1"]

1. e4 e5 2. Nf3 Nc6 3. Bb5 a6 4. Ba4 Nf6 5. O-O Be7 6. d3 b5 7. Bb3 d6 8. a4 Bd7 9. Be3 O-O 10. h3 Na5 11. Ba2 c5 12. axb5 axb5 13. Nc3 Qc7 14. Nh2 b4 15. Nd5 Nxd5 16. Bxd5 Bc6 17. Bxc6 Nxc6 18. Qg4 Rxa1 19. Rxa1 Qc8 20. Nf3 Nd4 21. Bxd4 cxd4 22. Qxc8 Rxc8 23. Ne1 Bg5 24. Kf1 Bd2 25. Ke2 Bxe1 26. Kxe1 f5 27. Kd2 fxe4 28. dxe4 Rb8 29. Ra6 b3 30. Rxd6 bxc2 31. Kxc2 Kf7 32. Rd7+ Kf6 33. b3 Rb4 34. f3 h6 35. Rd6+ Kf7 36. g3 Rb7 37. f4 Rc7+ 38. Kb2 Rc3 39. fxe5 Rxg3 40. Rxd4 Ke6 41. h4 Rh3 42. b4 Kxe5 43. Rc4 Rxh4 44. b5 Rf4 45. Kc3 g5 46. Rc5+ Kd6 47. Rc6+ Kd7 48. Kd4 h5 49. Rg6 g4 50. Kd5 Rf2 51. Rg7+ Kc8 52. e5 Rb2 53. e6 g3 54. Rg8+ Kc7 55. e7 Re2 1-0

[Event "Xtracon Open 2019"]
[Site "Helsingor"]
[Date "2019.07.23"]
[Round "5.4"]
[White "Ask, Josef"]
[Black "Svane, Frederik"]
[Result "0-1"]
[WhiteElo "2149"]
[BlackElo "2334"]
[Annotator "NA"]
[PlyCount "152"]
[EventDate "2019.07.19"]
[EventType "swiss"]
[EventCountry "DEN"]
[SourceTitle "playchess.com"]
[Source "ChessBase"]
[SourceQuality "1"]

1. e4 c5 2. d4 cxd4 3. c3 e5 4. Nf3 Nc6 5. cxd4 exd4 6. Nxd4 Nf6 7. Nc3 Bb4 8. Nxc6 dxc6 9. Qxd8+ Kxd8 10. f3 Be6 11. Bg5 h6 12. O-O-O+ Ke7 13. Bh4 g5 14. Bf2 Nd7 15. Kb1 Rhd8 16. Be2 Nb6 17. Rxd8 Rxd8 18. Rd1 Rxd1+ 19. Nxd1 Bd6 20. g3 Bb8 21. Ne3 Nd7 22. Nc2 c5 23. b3 b6 24. Ne3 Be5 25. Nc4 Bc7 26. Kc2 Nb8 27. a4 Nc6 28. Be3 f5 29. exf5 Bxf5+ 30. Kc3 Nb4 31. Bf2 Be6 32. a5 Kd7 33. axb6 axb6 34. Kd2 Kc6 35. Be3 Nd5 36. Bf2 b5 37. Na3 Ba5+ 38. Kc2 Bf5+ 39. Kc1 Nc7 40. Kb2 Bd2 41. Nb1 Bb4 42. Nc3 Be6 43. Bd3 c4 44. Be4+ Kd6 45. bxc4 Bxc4 46. Bd4 Ne6 47. Ba7 Nc5 48. Bb8+ Kd7 49. Bf5+ Kc6 50. g4 Na4+ 51. Nxa4 bxa4 52. Be5 a3+ 53. Kc2 Bd6 54. Bg7 Bxh2 55. Be4+ Kd7 56. Kc3 Bf7 57. Kb4 Bd6+ 58. Kb5 a2 59. Bf5+ Be6 60. Be4 Bb3 61. Bf5+ Be6 62. Be4 Ba3 63. Be5 Bf8 64. Bf6 Bb3 65. Bf5+ Ke8 66. Bg6+ Bf7 67. Be4 Be7 68. Bg7 Ba3 69. Kc6 Ke7 70. Bf5 Bb3 71. Bg6 Ke6 72. Be4 Be7 73. Bh7 Kf7 74. Ba1 Bf8 75. Kb5 Bg7 76. Kb4 Be6 0-1

[Event "Xtracon Open 2019"]
[Site "Helsingor"]
[Date "2019.07.23"]
[Round "5.4"]
[White "Klitgaard, Ebbe"]
[Black "Sandbech, Ted Henrik"]
[Result "1-0"]
[WhiteElo "1882"]
[BlackElo "1687"]
[Annotator "NA"]
[PlyCount "93"]
[EventDate "2019.07.19"]
[EventType "swiss"]
[EventCountry "DEN"]
[SourceTitle "playchess.com"]
[Source "ChessBase"]
[SourceQuality "1"]

1. c4 e5 2. Nc3 Nf6 3. g3 Bc5 4. e3 Nc6 5. Nge2 a6 6. Bg2 d6 7. d4 exd4 8. exd4 Bb4 9. O-O O-O 10. Bg5 h6 11. Bxf6 Qxf6 12. Nd5 Qd8 13. a3 Ba5 14. b4 Bb6 15. Nxb6 cxb6 16. Qd2 Re8 17. Nc3 Bf5 18. Rfe1 Qd7 19. Nd5 Rxe1+ 20. Rxe1 Re8 21. Nxb6 Qd8 22. Nd5 Kh7 23. Rxe8 Qxe8 24. Ne3 Be4 25. f3 Bg6 26. Kf2 Nd8 27. d5 f6 28. Bf1 Qa4 29. Qb2 Nf7 30. f4 Be4 31. Bg2 Bxg2 32. Kxg2 Qe8 33. Kf3 Kg8 34. b5 axb5 35. Qxb5 Qc8 36. g4 g5 37. Nf5 Kh7 38. Ne7 Qa8 39. Qb1+ Kh8 40. Qg6 Qf8 41. Qxf6+ Qg7 42. Qxg7+ Kxg7 43. fxg5 hxg5 44. Ke4 Kf6 45. Nf5 b6 46. h3 Kg6 47. Ne7+ 1-0

[Event "Xtracon Open 2019"]
[Site "Helsingor"]
[Date "2019.07.23"]
[Round "5.5"]
[White "Korley, Kassa"]
[Black "Karthikeyan, Murali"]
[Result "*"]
[WhiteElo "2437"]
[BlackElo "2613"]
[Annotator "TA"]
[PlyCount "104"]
[EventDate "2019.07.19"]
[EventType "swiss"]
[EventCountry "DEN"]
[SourceTitle "playchess.com"]
[Source "ChessBase"]
[SourceQuality "1"]

1. d4 Nf6 2. Nf3 g6 3. Bf4 Bg7 4. e3 O-O 5. Be2 d6 6. h3 b6 7. O-O Bb7 8. a4 a6 9. c4 Nbd7 10. Nc3 Ne4 11. Nxe4 Bxe4 12. Nd2 Bb7 13. Bf3 Qc8 14. Qc2 Bxf3 15. Nxf3 c5 16. Bg5 Re8 17. Ra3 Rb8 18. Rc1 b5 19. axb5 axb5 20. b3 bxc4 21. bxc4 Rb4 22. Ra4 Rb7 23. Rb1 h6 24. Bh4 cxd4 25. exd4 Rxb1+ 26. Qxb1 e5 27. dxe5 dxe5 28. Bg3 Nc5 29. Ra7 Qe6 30. Rc7 Na6 31. Ra7 Nc5 32. Rc7 Na6 33. Ra7 e4 34. Ne5 Bxe5 35. Bxe5 Qxe5 36. Rxa6 Qc3 37. Qa1 Qxc4 38. Ra8 Rxa8 39. Qxa8+ Kh7 40. Qa7 Qc1+ 41. Kh2 Qf4+ 42. Kg1 g5 43. Qc5 Qf6 44. Qa7 Qe6 45. Qb7 h5 46. Qa7 h4 47. Qc5 Kg6 48. Qe3 Qc6 49. Qa3 Qe6 50. Qc5 f5 51. Qd4 f4 52. Kf1 Qc6 *

[Event "Xtracon Open 2019"]
[Site "Helsingor"]
[Date "2019.07.23"]
[Round "5.5"]
[White "Storme, Isak"]
[Black "Holm, Ragnar"]
[Result "1/2-1/2"]
[WhiteElo "2330"]
[BlackElo "2142"]
[Annotator "NA"]
[PlyCount "200"]
[EventDate "2019.07.19"]
[EventType "swiss"]
[EventCountry "DEN"]
[SourceTitle "playchess.com"]
[Source "ChessBase"]
[SourceQuality "1"]

1. e4 c5 2. Nc3 a6 3. d3 e6 4. g3 b5 5. Bg2 Bb7 6. Nf3 d6 7. O-O Nf6 8. e5 dxe5 9. Nxe5 Bxg2 10. Kxg2 Nbd7 11. Nxd7 Qxd7 12. Qf3 Rc8 13. b3 Be7 14. Bb2 O-O 15. a4 b4 16. Nd1 Nd5 17. Ne3 Nxe3+ 18. Qxe3 Qd5+ 19. Kg1 f5 20. Rae1 Bf6 21. Bxf6 Rxf6 22. f4 Qd4 23. Kg2 Qxe3 24. Rxe3 Kf7 25. h3 h5 26. Kf3 Ke7 27. Re5 Rc6 28. g4 fxg4+ 29. hxg4 hxg4+ 30. Kxg4 Rh6 31. Rf2 Kf6 32. Rg5 g6 33. Re2 Rh8 34. Kf3 Rc7 35. Reg2 Rh6 36. Ke4 Rc8 37. Ke3 Rc6 38. Re5 Rh3+ 39. Ke4 Rh8 40. a5 Rc7 41. Reg5 Rh6 42. Kf3 Rc6 43. Kf2 Rc7 44. Kg1 Rc8 45. R2g4 Rc7 46. Kg2 Rc6 47. Re5 Rh8 48. Rgg5 Rhc8 49. Kf3 R6c7 50. Ke4 Rc6 51. Rg2 Rh8 52. Reg5 Rh6 53. d4 cxd4 54. Kxd4 Ke7 55. Rc5 Kd6 56. Rxc6+ Kxc6 57. Rg4 Kd6 58. Kc4 Rh2 59. Kxb4 Rxc2 60. Rxg6 Rf2 61. Rg4 Kc6 62. Kc4 Rf3 63. b4 Rf1 64. Kd4 Kd6 65. Rh4 Rf3 66. Kc4 Kc6 67. Rh7 Rxf4+ 68. Kb3 Rf3+ 69. Ka4 Rf1 70. Ra7 e5 71. Rxa6+ Kd7 72. Kb3 Rb1+ 73. Kc3 e4 74. Rb6 e3 75. Kd3 Rb3+ 76. Ke2 Kc7 77. b5 Ra3 78. Rc6+ Kb7 79. a6+ Ka7 80. Rc7+ Kb8 81. Rc6 Ka7 82. Rc7+ Kb8 83. Rh7 Rb3 84. Rb7+ Ka8 85. b6 Ra3 86. Ra7+ Kb8 87. Kf3 Rb3 88. Rb7+ Ka8 89. Ke2 Ra3 90. Ra7+ Kb8 91. Kd1 Rb3 92. Rb7+ Ka8 93. Kc2 e2 94. Kxb3 e1=Q 95. Ka4 Qe4+ 96. Kb5 Qd5+ 97. Kb4 Qd4+ 98. Kb5 Qd5+ 99. Kb4 Qd4+ 100. Kb5 Qd5+ 1/2-1/2

[Event "Xtracon Open 2019"]
[Site "Helsingor"]
[Date "2019.07.23"]
[Round "5.5"]
[White "Dauth, Benjamin"]
[Black "Lysyj, Igor"]
[Result "0-1"]
[WhiteElo "2263"]
[BlackElo "2623"]
[Annotator "ChessBase"]
[PlyCount "46"]
[EventDate "2019.07.19"]
[EventType "swiss"]
[EventCountry "DEN"]
[SourceTitle "playchess.com"]
[Source "ChessBase"]
[SourceQuality "1"]

1. e4 e5 2. Bc4 Nf6 3. d3 Bc5 4. Be3 Bxe3 5. fxe3 c6 6. Nc3 d6 7. Qf3 b5 8. Bb3 Nbd7 9. Nge2 Nc5 10. Nc1 a5 11. a4 b4 12. N3e2 O-O 13. Ng3 d5 14. exd5 cxd5 15. Nh5 Ra6 16. Nxf6+ Rxf6 17. Qe2 Ba6 18. Qd2 Qd7 19. Ba2 Qxa4 20. e4 Bb7 21. Rf1 Rxf1+ 22. Kxf1 dxe4 23. Qf2 e3 0-1

[Event "Xtracon Open 2019"]
[Site "Helsingor"]
[Date "2019.07.23"]
[Round "5.5"]
[White "Saltvedt, Martin"]
[Black "Van den Bersselaar, Jeroen"]
[Result "0-1"]
[WhiteElo "1984"]
[BlackElo "2161"]
[Annotator "NA"]
[PlyCount "70"]
[EventDate "2019.07.19"]
[EventType "swiss"]
[EventCountry "DEN"]
[SourceTitle "playchess.com"]
[Source "ChessBase"]
[SourceQuality "1"]

1. d4 d5 2. Bf4 c5 3. c3 Nc6 4. e3 Nf6 5. Bd3 Qb6 6. b3 g6 7. Nf3 Nh5 8. Bg3 Bg7 9. Nbd2 O-O 10. Rc1 Bg4 11. Bh4 cxd4 12. cxd4 e5 13. dxe5 Nxe5 14. Be2 Bxf3 15. gxf3 d4 16. f4 dxe3 17. fxe3 Qxe3 18. fxe5 Nf4 19. Bg3 Nd3+ 20. Kf1 Nxc1 21. Qxc1 Rfd8 22. Be1 Qh3+ 23. Kf2 Bh6 24. Bf3 Rac8 25. Qb2 Rd3 26. Bg2 Be3+ 27. Kf1 Qf5+ 28. Nf3 Bd4 29. Qe2 Re3 30. Qd1 Rd3 31. Qe2 Rc2 32. Qxc2 Rxf3+ 33. Bxf3 Qxf3+ 34. Bf2 Qxh1+ 35. Ke2 Qxh2 0-1

[Event "Xtracon Open 2019"]
[Site "Helsingor"]
[Date "2019.07.23"]
[Round "5.5"]
[White "Sebastian, Andreas"]
[Black "Ivarsson, Torbjorn"]
[Result "1/2-1/2"]
[WhiteElo "1911"]
[BlackElo "2119"]
[Annotator "NA"]
[PlyCount "51"]
[EventDate "2019.07.19"]
[EventType "swiss"]
[EventCountry "DEN"]
[SourceTitle "playchess.com"]
[Source "ChessBase"]
[SourceQuality "1"]

1. c4 e6 2. Nc3 b6 3. e4 Bb7 4. Bd3 Nc6 5. Nf3 Qf6 6. Qe2 O-O-O 7. Bc2 Bc5 8. e5 Qe7 9. Be4 f6 10. Bxc6 Bxc6 11. d4 Bb4 12. O-O d6 13. Nb5 Bxb5 14. cxb5 dxe5 15. a3 Bd6 16. Qe4 Kb8 17. dxe5 Bxe5 18. Nxe5 fxe5 19. Qxe5 Rd5 20. Qe2 Nf6 21. Bf4 e5 22. Rfd1 Rhd8 23. Rxd5 Rxd5 24. Rc1 Qd6 25. Be3 Ne4 26. h3 1/2-1/2